000 01857nam1a22004571 4500
001 RU\NLR\A1SV\130000
005 20260406135330.0
035 _a(NLR Aleph) 010520765
090 _a10213116
_c10213116
100 _a20141022d1923 u y0rusy50 ca
101 1 _arus
_cger
102 _aRU
135 _acrgn 008anaba
200 1 _aЛекции по введению в психоанализ
_fProf. Sigmund Freud
_gПер. д-ра М.В.Вульфа
_gС предисл. проф. Ив. Ермакова
205 _a2-е изд.
210 _aМ.
_aПг.
_cГос. изд-во
_d1923
215 _d23 см
225 _aПсихол. и психоаналит. б-ка
_fПод ред. проф. Ив. Дм. Ермакова
_v...
300 _aНапеч. в Москве
325 _aКопия доступна в Электрон. б-ке РНБ
620 _dМосква
620 _dСанкт-Петербург
700 1 _4070
_8rus
_7ca
_aФрейд
_bЗ.
_f1856-1939
_gЗигмунд
_3RU\NLR\AUTH\772621
_9112631
702 1 _aЕрмаков
_bИ.Д.
_f1875-1942
_gИван Дмитриевич
702 1 _aВульф
_bМ.В.
790 1 _4070
_8ger
_7ba
_aFreud
_bS.
_f1856-1939
_gSigmund
_3RU\NLR\AUTH\772622
_9112632
801 0 _aRU
_bNLR
_c20141022
852 _aNLR
_j17.157.2.33-1
_y(Т.1)
852 _aNLR
_j114/786
_y(Т.1)
852 _aNLR
_jМф К-1/486
_y(Т.1)
856 0 _uhttp://vivaldi.nlr.ru/bx700000017/view
856 1 _uhttp://vivaldi.nlr.ru/bx700000017/cover
856 2 _uhttp://vivaldi.nlr.ru/bx700000017/text
899 _aМГУ
_z(Т.1)
899 _aРГБ
942 _cBOOK
980 _aNB
980 _aA1SV
981 2 2 _a(22) Материалы по истории России
_b(22) Культура. Наука. Просвещение.